Proceedings of the ... annual Farmers' Short Course.

Bibliographic Details
Corporate Authors: Farmers' Short Course (Agricultural and Mechanical College of Texas), Agricultural and Mechanical College of Texas
Format: Conference Proceeding Microform
Language:English
Published: [College Station, Tex.] : Agricultural and Mechanical College of Texas.
Series:Bulletin of the Agricultural and Mechanical College of Texas ; 3rd ser., vol. 3, no. 7, pt. 2.
USAIN state and local literature preservation project, Texas ; reel X24.13.
Subjects:

MARC

Tag First Indicator Second Indicator Subfields
LEADER 00000cas a2200000Ia 4500
001 in00003346021
005 20151206085600.0
007 hd afa---bccu
007 hd bfa---baau
007 hd bfa---babu
008 131022d191u19uutxuar a s1 0eng d
035 |a (OCoLC)ocn861221810 
037 |a USAIN TX SL AG X24.13  |b TXA  |f microfilm 
040 |a TXA  |b eng  |c TXA  |d UtOrBLW 
043 |a n-us-tx 
049 |a TXAM 
090 |a S117  |b .U8 reel X24.13 
111 2 |a Farmers' Short Course  |c (Agricultural and Mechanical College of Texas) 
245 1 0 |a Proceedings of the ... annual Farmers' Short Course. 
264 1 |a [College Station, Tex.] :  |b Agricultural and Mechanical College of Texas. 
300 |a volumes 
310 |a Annual 
336 |a text  |b txt  |2 rdacontent 
337 |a microform  |b h  |2 rdamedia 
338 |a microfilm reel  |b hd  |2 rdacarrier 
490 1 |a Bulletin of the Agricultural and Mechanical College of Texas ;  |v 3rd ser., vol. 3, no. 7, pt. 2 
588 |a Description based on: 7th, published in 1917; title from title page. 
588 |a Latest issue consulted: 7th, published in 1917. 
533 |a Microfilm.  |m 7th.  |b College Station, Tex. :  |c Microfilmed by Texas State Library and Archives Commission on behalf of Texas A & M University General Libraries,  |d 2000.  |e 1 microfilm reel ; 35 mm.  |f (USAIN state and local literature preservation project, Texas ; reel X24.13).  |n Filmed on one reel with other pieces of the Bulletin of the Agricultural and Mechanical College of Texas. 
500 |a Microform. 
650 0 |a Agriculture  |z Texas  |v Congresses. 
710 2 |a Agricultural and Mechanical College of Texas. 
830 0 |a Bulletin of the Agricultural and Mechanical College of Texas ;  |v 3rd ser., vol. 3, no. 7, pt. 2. 
830 0 |a USAIN state and local literature preservation project, Texas ;  |v reel X24.13. 
994 |a C0  |b TXA 
948 |a cataloged  |b h  |c 2013/10/22  |d o  |e coplinger  |f 9:22:38 am 
999 |a MARS 
999 f f |s 09fdcf9b-96a6-3f75-bbb7-c3fde1370ee4  |i 953d7d9f-f6cf-3e36-b7ab-a34c2ff94bed  |t 0 
952 f f |a Texas A&M University  |b College Station  |c Sterling C. Evans Library  |d Evans: Microforms Film (3rd floor)  |t 0  |e S117 .U8  |h Library of Congress classification 
998 f f |a S117 .U8  |s 7th <reel X24>  |t 0  |l Evans: Microforms Film (3rd floor)